000 00214nam a2200085Ia 4500
008 120527s9999 xx 000 0 und d
100 _aSTOCK, A. Michael
245 _aField assessment of land degradation
942 _cBK
999 _c25097
_d25097